Statistics for Lil B Discography

Click here to take the quiz!

General Stats

  • This quiz has been taken 7 times
  • The average score is 23 of 62

Answer Stats

YearNameType% Correct
2012#1 B....Mixtape
83%
20096 KissDigital Album
83%
2011Black FlameMixtape
83%
2010Blue FlameMixtape
83%
2011B.... Mob: Respect Da B.... Vol. 1Mixtape
83%
2010Everything BasedMixtape
83%
2011I'm Gay (I'm Happy)Digital Album
83%
2010Red FlameMixtape
83%
2017Black KenMixtape
67%
2012God's FatherMixtape
67%
2014Hoop LifeMixtape
67%
2013Pink FlameMixtape
67%
2011BasedGod VelliMixtape
50%
2010Dior PaintMixtape
50%
2012GlassfaceMixtape
50%
2012Green FlameMixtape
50%
2011Illusions of GrandeurMixtape
50%
2009I'm ThraxxDigital Album
50%
2010Rain in EnglandAlbum
50%
2012The BasedPrint 2Mixtape
50%
2015Thugged Out Pissed OffMixtape
50%
201305 F... EmMixtape
33%
2011Angels ExodusDigital Album
33%
2012Based JamMixtape
33%
2014Basedworld ParadiseMixtape
33%
2012Crime FetishMixtape
33%
2015Free (Based Freestyles Mixtape)Collaborative Mixtape
33%
2011GoldhouseMixtape
33%
2011I Forgive YouMixtape
33%
2012Illusions of Grandeur 2Mixtape
33%
2012Obama BasedGodMixtape
33%
2010Pretty Boy MillionairesCollaborative Mixtape
33%
2010Red Flame: Evil EditionMixtape
33%
2012Rich After TaxesMixtape
33%
2006Skateboards 2 ScrapersCollaborative EP
33%
2007S.S. Mixtape Vol. 1Collaborative Mixtape
33%
2009S.S. Mixtape Vol. 2Collaborative Mixtape
33%
2012Task ForceMixtape
33%
2011The Silent PresidentMixtape
33%
2014Ultimate B....Mixtape
33%
2010Where Did The Sun GoMixtape
33%
2012White FlameMixtape
33%
2013100% Percent GuttaMixtape
17%
2007Based BoysCollaborative Album
17%
2011Blue EyesMixtape
17%
2012Choices and FlowersInstrumental Album
17%
2012FrozenMixtape
17%
2010Gold DustMixtape
17%
2010MF BasedMixtape
17%
2010MM..ChristmasMixtape
17%
2010PaintDigital Album
17%
2013P.Y.T. (Pretty Young Thug)Mixtape
17%
2010Roses ExodusMixtape
17%
2012Tears 4 GodInstrumental Album
17%
2012Trapped in BasedWorldMixtape
17%
2012Water is D.M.G. Pt. 1Mixtape
17%
2010Wolfpack PartyCollaborative Album
17%
2012Based Freestyle CollectionMixtape
0%
2010Base World Pt. 1Mixtape
0%
2012Halloween H2OMixtape
0%
2011Red Flame: Devil Music EditionMixtape
0%
2011The Myspace CollectionMixtape
0%

Score Distribution

Percentile by Number Answered

Percent of People with Each Score

Your Score History

You have not taken this quiz